00605nam a2200145Ia 4500003000900000005001700009008004100026040002800067110006300095245011200158260008000270300004500350504002400395650004000419DO-SdBJH20180416224322.0180414s9999 dr 000 0 spa d aDO-SdBJHbspacDO-SdBJH aInstituto de Cooperación para la Seguridad Hemisférica10aFM 100-15 Operaciones del cuerpo de Ejército / Instituto de Cooperación para la Seguridad Hemisférica aFuerte Benning, Georgia : Cuartel General Secretaría del Ejército, 1988 aiv, 132 páginas en varias paginaciones aIncluye apéndices 4aOperaciones -- Cuerpo de ejército